000 00430nam a2200157Ia 4500
003 OSt
005 20260317114113.0
008 211028s2017 xx 000 0 und d
040 _cAIMIT LIBRARY
041 _aeng
100 _aDsouza, Jaison; B, Santhosh.
_g141721
_94803
110 _aMaventic Innovative Solutions Pvt Ltd.
_94804
245 _aGrocery tree mobile application /
260 _aManipal
_c2017
942 _2ddc
_cPRO
999 _c217693
_d217693